| 000 | 00923nam0a22002891 4500 | ||
|---|---|---|---|
| 001 | RU\INFOCOMM_322\NLR\5000183255 | ||
| 005 | 20250613110748.0 | ||
| 035 | _a(NLR Aleph) 009572864 | ||
| 090 |
_a9140814 _c9140814 |
||
| 100 | _a20130218d1960 |||y0rusy50 ca | ||
| 101 | 1 |
_aeng _crus |
|
| 102 | _aRU | ||
| 105 | _ay z ||||| | ||
| 200 | 1 | _aStudy of the time budget | |
| 210 |
_aM. _d1960 |
||
| 215 |
_a[2], 15 с. _d21 см |
||
| 225 | 1 |
_aReports made by Soviet scientists to the 32d session of the International statistical inst. _fThe Acad. of sciences of the USSR _vNo. 6 |
|
| 309 | _aЛитогр. | ||
| 606 | 0 |
_aБюджет времени _91204969 _3RU\NLR\AUTH\66169979 |
|
| 620 | _aМосква | ||
| 686 |
_aЭ14-90 _2rubbk |
||
| 700 | 1 |
_aMaslov _bP. P. _f1902- _gPavel Petrovič |
|
| 801 | 1 |
_aRU _bInfocomm _c20130218 |
|
| 801 | 0 |
_aRU _bINFOCOMM _gPSBO |
|
| 852 |
_aNLR _jЭк85 Г-4/25/6 |
||
| 942 | _cBOOK | ||
| 980 | _aNB | ||